Riconosci il Pokémon - Quiz n°370 - Statistics

Statistiche generali
  • Questo quiz è stato fatto 0 volte
  • Il punteggio medio è 0 su 10
Statistiche sulle risposte
Indizio Risposta % Corretto
Tasso di cattura 10 (3.9%)
0%
Altezza 2,0 m
0%
Peso 60,0 kg
0%
Sesso 87.5% ♂, 12.5% ♀
0%
Tipo Acciaio / Drago
0%
Pokémon Archaludon
0%
Tasso di allevamento Medio-Veloce
0%
Generazione Nona
0%
Stadio evoluzione Prima evoluzione
0%
Abilità Sopportazione; Vigore; Volontà di Ferro
0%
Nessun quiz corrispondente trovato
Distribuzione punteggi
Percentuale di utenti per punteggio
Percentile per numero di risposta
I tuoi punteggi nel tempo
Non hai fatto questo quiz